<?xml version="1.0" encoding="UTF-8"?>
<record
    xmlns:xsi="http://www.w3.org/2001/XMLSchema-instance"
    xsi:schemaLocation="http://www.loc.gov/MARC21/slim http://www.loc.gov/standards/marcxml/schema/MARC21slim.xsd"
    xmlns="http://www.loc.gov/MARC21/slim">

  <leader>00970cam a22002531  4500</leader>
  <controlfield tag="001">gs 47000239 </controlfield>
  <controlfield tag="003">DLC</controlfield>
  <controlfield tag="005">20260227111352.0</controlfield>
  <controlfield tag="008">891018s1946    ag abf        000 0 spa  </controlfield>
  <datafield tag="010" ind1=" " ind2=" ">
    <subfield code="a">gs 47000239 </subfield>
  </datafield>
  <datafield tag="035" ind1=" " ind2=" ">
    <subfield code="a">(OCoLC)20507607</subfield>
  </datafield>
  <datafield tag="040" ind1=" " ind2=" ">
    <subfield code="a">DLC</subfield>
    <subfield code="c">CU</subfield>
    <subfield code="d">CU</subfield>
    <subfield code="d">DLC</subfield>
  </datafield>
  <datafield tag="042" ind1=" " ind2=" ">
    <subfield code="a">premarc</subfield>
  </datafield>
  <datafield tag="050" ind1="0" ind2="0">
    <subfield code="a">QE231</subfield>
    <subfield code="b">.A3 no. 60</subfield>
  </datafield>
  <datafield tag="051" ind1=" " ind2=" ">
    <subfield code="a">TN806.A7</subfield>
    <subfield code="b">H4</subfield>
    <subfield code="c">Copy 2.</subfield>
  </datafield>
  <datafield tag="100" ind1="1" ind2=" ">
    <subfield code="a">Heim, Arnold,</subfield>
    <subfield code="d">1882-1965.</subfield>
  </datafield>
  <datafield tag="245" ind1="1" ind2="3">
    <subfield code="a">El carb&#xF3;n de la mina "La Negra," Villa Uni&#xF3;n, La Rioja y su posici&#xF3;n tect&#xF3;nica,</subfield>
    <subfield code="c">por Arnold Heim ...</subfield>
  </datafield>
  <datafield tag="260" ind1=" " ind2=" ">
    <subfield code="a">Buenos Aires,</subfield>
    <subfield code="c">1946.</subfield>
  </datafield>
  <datafield tag="300" ind1=" " ind2=" ">
    <subfield code="a">19 p.</subfield>
    <subfield code="b">illus. (map, profiles) IV pl.</subfield>
    <subfield code="c">27 cm.</subfield>
  </datafield>
  <datafield tag="410" ind1="1" ind2="0">
    <subfield code="a">Argentina.</subfield>
    <subfield code="b">Direcci&#xF3;n General de Minas y Geolog&#xED;a.</subfield>
    <subfield code="t">Bolet&#xED;n</subfield>
    <subfield code="v">no. 60</subfield>
  </datafield>
  <datafield tag="500" ind1=" " ind2=" ">
    <subfield code="a">At head of title: Rep&#xFA;blica argentina. Secretar&#xED;a de industria y comercio. Direcci&#xF3;n de minas, geolog&#xED;a ...</subfield>
  </datafield>
  <datafield tag="650" ind1=" " ind2="0">
    <subfield code="a">Coal mines and mining</subfield>
    <subfield code="z">Argentina</subfield>
    <subfield code="z">La Rioja (Province)</subfield>
  </datafield>
  <datafield tag="650" ind1=" " ind2="0">
    <subfield code="a">Geology</subfield>
    <subfield code="z">Argentina</subfield>
    <subfield code="z">La Rioja (Province)</subfield>
  </datafield>
  <datafield tag="999" ind1=" " ind2=" ">
    <subfield code="c">28180</subfield>
    <subfield code="d">28180</subfield>
  </datafield>
</record>
